00613nam a2200169Ia 4500008004100000041000800041082001700049100002900066245004600095260003400141300000800175365001500183700002900198906003200227999001900259952016500278230612s9999 xx 000 0 und d aeng a621.9023 RAD aRadhakrishnan P.9128033 aComputer Numerical Control (CNC) Machines c1992bNew Central Book Agency a149 cRs.b65.00 aRadhakrishnan P.9128033 dB:93311-Dec-1992cCOMPb6.5 c165582d165582 00104070aCCEPbCCEPd1992-12-12eCollege Book DepotfCOMPg58.50i933l0o621.9023 RADpCCEP-BK-1300r2023-06-12 00:00:00t6.5v65.00w1992-12-11yBKz001300